000 00298nam a22001337a 4500
008 170224b xxu||||| |||| 00| 0 eng d
020 _a9780323025195
041 _aeng
080 _28 ED
_a617
100 _a5
101 _aSHS
245 _aCURRENT SURGICAL THERAPY
_cCAMERON J.L
942 _2udc
_cBK
999 _c6194
_d6194